| 000 | 00843nas a2200253 4500 | ||
|---|---|---|---|
| 001 | BR8301993 | ||
| 003 | BR-BrBNA | ||
| 005 | 20231205085525.0 | ||
| 007 | ta | ||
| 008 | 230509b bl.|||p| |||| 00| 00por d | ||
| 040 |
_aBR-BrBNA _bpor _cBiblioteca Nacional de Agricultura |
||
| 041 | _a(Pt) | ||
| 072 | _aL74 | ||
| 100 | 1 | _aBasile, J.R. | |
| 245 | 1 | _aTorcao uterina em bovino, descricao de um caso [gado de corte, parto, disturbio fisiologico] | |
| 246 | 1 | _aUterine torsion in cattle, a case report [beef cattle, parturition, physiological disorder] | |
| 650 | _aGADO DE CORTE | ||
| 650 | _aDISTURBIO FISIOLOGICO | ||
| 650 | _aPRENHEZ | ||
| 650 | _aUTERO | ||
| 773 | 0 |
_tRevista Brasileira de Reproducao Animal (Brazil) _x _g(1982), v. 6(3-4) p. 45-49 _wBR8301993 |
|
| 909 |
_a202311 _bLúcia _c55 _dLúcia Elande |
||
| 942 |
_2AGRIS _n0 _cANA |
||
| 999 |
_c111986 _d111986 |
||